Schizophrenia - Statistics

General Stats
  • This quiz has been taken 9 times
  • The average score is 7 of 21
Answer Stats
Hint Answer % Correct
Linszen said that a patient returning to a family with high EE was... times more likely to relapse than a patient whose family is low in EE 4
88%
Noll said that anti psychotic drugs don't alleviate the positive symptoms of SZ in... of people 1/3
75%
Cochrane- people of Afro-Caribbean origin are... times more likely to be diagnosed with schizophrenia when living in Britain 7
75%
which of the systems needs at least one positive symptom to diagnose SZ DSM-5
63%
which system allows 2 or more of the negative symptoms for diagnosis ICD-10
63%
under DSM 39
38%
how many were diagnosed under ICD 68
38%
experiment where 2 psychiatrists independently assessed the same 100 clients using DSM and ICD criteria. Name of experimenter Cheniaux
38%
example of atypical clozapine
38%
what is the term that refers to CONSISTENCY of symptom measurement reliability
38%
what is the term that describes whether we are testing what we are trying to test validity
38%
example of typical anti-psychotic chlorpromazine
25%
what drug has been used to induce symptoms of SZ in rats amphetamine
13%
an excess of dopamine receptors in what part of the brain could explain auditory hallicunations Brocas area
13%
who did the family study on SZ Gottesman
13%
another meta analysis of 212 studies found antipsychotics to be more effective than placebo was done by... Leucht et al
13%
revised DA hypothesis- deficit of dopamine in... such as... prefrontal cortexmesocortical pathway
13%
original dopamine hypothesis- hyperdopaminergia in the... sub cortex
13%
who found that drug therapy with CBT was most effective Tarrier
13%
meta analysis for 13 studies on chlorpromazine done by... Thornley et al
13%
who did the adoption study Tienari
13%
No matching quizzes found
Score Distribution
Percent of People with Each Score
Percentile by Number Answered
Your Score History
You have not taken this quiz